000 nam a22 7a 4500
999 _c109871
_d109871
005 20200123122012.0
008 200123b mx ||||| |||| 00| 0 spa d
020 _a9709954105
050 0 4 _aKGF3012
_bG66 2007
100 1 _aGómez Gallardo, Perla
245 1 0 _aIndicadores legales y reforma al artículo 6° constitucional
_c / Perla Gómez Gallardo, Ernesto Villanueva
246 1 6 _aIndicadores legales y reforma al artículo sexto constitucional
246 1 4 _aIndicadores de transparencia y reforma del artículo 6° constitucional
246 1 4 _aIndicadores de transparencia y reforma del artículo sexto constitucional
250 _a1a ed.
260 _aMéxico :
_bTrust,
_c2007
300 _a195 p. ;
_c24 cm.
504 _aIncluye bibliografía
650 4 _aLibertad de expresión
_zMéxico
650 7 _2lemb
_aLibertad de información
_zMéxico
650 4 _aAcceso a la información
_xIndicadores
_zMéxico
650 7 _2lemb
_aInformación gubernamental
_xIndicadores
_zMéxico
700 1 _aVillanueva, Ernesto
_eautor
942 _2lcc
_cLIB